The ages of Stars (Record no. 17554)

MARC details
000 -LEADER
fixed length control field 00981nam a2200229Ia 4500
003 - CONTROL NUMBER IDENTIFIER
control field IN-BaIIA
008 - FIXED-LENGTH DATA ELEMENTS--GENERAL INFORMATION
fixed length control field 211028s9999 xx 000 0 eng d
020 ## - INTERNATIONAL STANDARD BOOK NUMBER
International Standard Book Number 978-0-521-88989-6
040 ## - CATALOGING SOURCE
Transcribing agency IIA Library
080 ## - UNIVERSAL DECIMAL CLASSIFICATION NUMBER
Universal Decimal Classification number 082.2:52
Item number IAU-S258
111 ## - MAIN ENTRY--MEETING NAME
Meeting name or jurisdiction name as entry element Symposium of the International Astronomical Union on the Ages of Stars
Number of part/section/meeting 258th
Location of meeting Baltimore
Date of meeting or treaty signing 2008 Oct. 13-17
9 (RLIN) 33179
245 #4 - TITLE STATEMENT
Title The ages of Stars
Remainder of title proceedings of the 258th Symposium of the IAU on the ages of Stars, held in Baltimore, Maryland, USA, October 13-17, 2008
Statement of responsibility, etc. edited by Eric E. Mamajek, David R. Soderblom, and Rosemary F.G. Wyse.
260 ## - PUBLICATION, DISTRIBUTION, ETC.
Place of publication, distribution, etc. Cambridge
Name of publisher, distributor, etc. Cambridge University Press
Date of publication, distribution, etc. 2009
300 ## - PHYSICAL DESCRIPTION
Extent [various pagings.]
650 ## - SUBJECT ADDED ENTRY--TOPICAL TERM
Topical term or geographic name entry element Stars-Age-Congresses
9 (RLIN) 33180
650 ## - SUBJECT ADDED ENTRY--TOPICAL TERM
Topical term or geographic name entry element Stars-Evolution-Congresses
9 (RLIN) 14449
650 ## - SUBJECT ADDED ENTRY--TOPICAL TERM
Topical term or geographic name entry element White dwarfs-Congresses
9 (RLIN) 33181
700 ## - ADDED ENTRY--PERSONAL NAME
Personal name Mamajek, Eric E., ed.
9 (RLIN) 33182
700 ## - ADDED ENTRY--PERSONAL NAME
Personal name Soderblom, David R., ed.
9 (RLIN) 33183
700 ## - ADDED ENTRY--PERSONAL NAME
Personal name Wyse, Rosemary F. G., ed.
9 (RLIN) 33184
942 ## - ADDED ENTRY ELEMENTS (KOHA)
Koha item type Books
Holdings
Withdrawn status Lost status Damaged status Not for loan Home library Current library Shelving location Date acquired Source of acquisition Cost, normal purchase price Total Checkouts Full call number Barcode Date last seen Cost, replacement price Price effective from Koha item type Purchase Price
        IIA Library-Bangalore IIA Library-Bangalore General Stacks 17/12/2009 GB 450.00   082.2:52/ IAU-S258 18476 05/11/2021 450.00 17/12/2009 Books Rs. 450.00

Powered by Koha